Catalog

Record Details

Catalog Search



The pharaoh's secret  Cover Image Large Print Book Large Print Book

The pharaoh's secret / Clive Cussler and Graham Brown.

Summary:

Kurt and Joe tangle with the most determined enemy they've ever encountered when a ruthless powerbroker schemes to build a new Egyptian empire as glorious as those of the Pharaohs. Part of his plan rests on the manipulation of a newly discovered aquifer beneath the Sahara, but an even more devastating weapon at his disposal may threaten the entire world: a plant extract known as the black mist rumoured to have the power to take life from the living and restore it to the dead. Kurt, Joe, and the rest of the NUMA team will have to fight to discover the truth behind the legends - but to do that, they have to confront in person the greatest legend of them all: Osiris, the ruler of the Egyptian underworld.

Record details

  • ISBN: 9781410480347 (large print : hardback)
  • ISBN: 1410480348 (large print : hardcover)
  • Physical Description: 573 pages (large print) ; 23 cm.
  • Edition: Large print edition.
  • Publisher: Farmington Hills, Mich. : Wheeler Publishing, A part of Gale, Cengage Learning, ©2015.
Subject: Austin, Kurt (Fictitious character) > Fiction.
Marine scientists > Fiction.
Genre: Large print books.
Thrillers (Fiction)
Action and adventure fiction.

Available copies

  • 1 of 1 copy available at scottsboropl.

Holds

  • 0 current holds with 1 total copy.
Show Only Available Copies
Location Call Number / Copy Notes Barcode Shelving Location Status Due Date
scottsboropl F Cus 32269000969975 Adult - Fiction Available -

LDR 02184cam a22004098i 4500
001140373
003SBPL
00520200427131615.0
008150909t20152015miu d 000 f eng
010 . ‡a 2015034587
020 . ‡a9781410480347 (large print : hardback) ‡q(hardcover)
020 . ‡a1410480348 (large print : hardcover) ‡q(hardcover)
035 . ‡a(CONS)140373
035 . ‡a(OCoLC)920966913 ‡z(OCoLC)920454087 ‡z(OCoLC)932587634 ‡z(OCoLC)961039644 ‡z(OCoLC)1003848838 ‡z(OCoLC)1004250042 ‡z(OCoLC)1302416206 ‡z(OCoLC)1348248006
05010. ‡aPS3553.U75 ‡bP48 2015b
08200. ‡a813/.54 ‡223
1001 . ‡aCussler, Clive, ‡d1931-2020,: ‡eauthor.
24514. ‡aThe pharaoh's secret / ‡cClive Cussler and Graham Brown.
250 . ‡aLarge print edition.
264 1. ‡aFarmington Hills, Mich. : ‡bWheeler Publishing, A part of Gale, Cengage Learning, ‡c©2015.
300 . ‡a573 pages (large print) ; ‡c23 cm.
336 . ‡atext ‡btxt ‡2rdacontent
337 . ‡aunmediated ‡bn ‡2rdamedia
338 . ‡avolume ‡bnc ‡2rdacarrier
340 . ‡nlarge print (16 point). ‡2rda
4901 . ‡aNUMA Files ; ‡vBk 13
520 . ‡aKurt and Joe tangle with the most determined enemy they've ever encountered when a ruthless powerbroker schemes to build a new Egyptian empire as glorious as those of the Pharaohs. Part of his plan rests on the manipulation of a newly discovered aquifer beneath the Sahara, but an even more devastating weapon at his disposal may threaten the entire world: a plant extract known as the black mist rumoured to have the power to take life from the living and restore it to the dead. Kurt, Joe, and the rest of the NUMA team will have to fight to discover the truth behind the legends - but to do that, they have to confront in person the greatest legend of them all: Osiris, the ruler of the Egyptian underworld.
600 0. ‡aAustin, Kurt (Fictitious character) ‡vFiction.
650 0. ‡aMarine scientists ‡vFiction.
655 7. ‡aLarge print books. ‡2lcgft
655 7. ‡aThrillers (Fiction) ‡2lcgft
655 7. ‡aAction and adventure fiction. ‡2lcgft
7001 . ‡aBrown, Graham, ‡d1969- ‡eauthor.
800 0. ‡aNUMA files ; ‡v13
8301 . ‡aCussler, Clive. ‡tKurt Austin adventures.
901 . ‡a140373 ‡bUnknown ‡c140373 ‡tbiblio

Additional Resources